000
00281nam a2200109Ia 4500
008
200302s9999 xx 000 0 und d
100
_a
Asheem Srivastav and Others
245
_a
Ecological Meltdown
260
_b
The Energy and Resources Institute
260
_c
2010
300
_a
248 .,
999
_c
5757
_d
5757